[Event "Privolzhskogo FO-ch"]
[Site "Togliatti"]
[Date "2011.03.17"]
[Round "8"]
[White "Kirpichnikov, Vladimir V"]
[Black "Volodin, Ivan"]
[Result "0-1"]
[WhiteElo "2201"]
[BlackElo "2210"]
[PlyCount "134"]
[EventDate "2011.03.10"]
[EventType "swiss"]
[EventRounds "9"]
[EventCountry "RUS"]
[SourceTitle "CBM 141 Extra"]
[Source "ChessBase"]
[SourceDate "2011.05.03"]
[SourceVersion "1"]
[SourceVersionDate "2011.05.03"]
[SourceQuality "1"]

1. d4 Nf6 2. c4 c5 3. d5 g6 4. Nc3 Bg7 5. g3 0-0 6. Bg2 d6 7. Nf3 e6 8. 0-0 exd5 9. cxd5 Re8 10. Nd2 a6 11. a4 Nbd7 12. Nc4 Ne5 13. Na3 Rb8 14. h3 Qc7 15. f4 Ned7 16. Qd3 b5 17. axb5 axb5 18. Naxb5 Qb6 19. Qf3 c4+ 20. Qf2 Nc5 21. Nd4 Ng4 22. hxg4 Nd3 23. Na4 Nxf2 24. Nxb6 Rxb6 25. Kxf2 Bxd4+ 26. e3 Bxb2 27. Ra2 Bg7 28. Bf3 Bb7 29. e4 Bd4+ 30. Be3 Bxe3+ 31. Kxe3 Bxd5 32. Kd4 Bb7 33. Ra3 Rb2 34. Rd1 Rf2 35. Kxc4 Bxe4 36. Bxe4 Rxe4+ 37. Kd5 Re6 38. Rdd3 Rc2 39. Ra5 h6 40. Kd4 Kg7 41. Rb5 Rc1 42. Ra5 Kf6 43. g5+ hxg5 44. Rxg5 Ree1 45. Rd5 Ke6 46. Ra5 f5 47. Re3+ Kf6 48. Raa3 Rcd1+ 49. Red3 g5 50. fxg5+ Kxg5 51. Kd5 Re3 52. Rxd1 Rxa3 53. Rg1 Re3 54. Kxd6 Kg4 55. Rf1 Rxg3 56. Ke5 Re3+ 57. Kd4 f4 58. Rg1+ Kf3 59. Rf1+ Kg3 60. Rg1+ Kf2 61. Rh1 Re8 62. Kd3 f3 63. Rh7 Rd8+ 64. Kc2 Ke2 65. Re7+ Kf1 66. Re6 f2 67. Re7 Rg8 0-1